000 00326nam a22001337a 4500
008 170906b xxu||||| |||| 00| 0 eng d
020 _a9780137585908
041 _aeng
080 _218 ED
_a72
100 _a41
101 _aARK
245 _aARCHITECTURE AND INTERIOR DESIGN CENTURE
_cHARWOOD.B
942 _2udc
_cBK
999 _c26316
_d26316